ՀՀ Գիտությունների ազգային ակադեմիայի հիմնարար գիտական գրադարան  =   Fundamental Scientific Library of NAS RA

Лёссовые черноземы Западной Сибири / (Record no. 160853)

MARC details
000 -LEADER
fixed length control field 01151nam a2200253 u 4500
001 - CONTROL NUMBER
control field 000421161
003 - CONTROL NUMBER IDENTIFIER
control field AM-YeHGA
005 - DATE AND TIME OF LATEST TRANSACTION
control field 20250617133112.0
008 - FIXED-LENGTH DATA ELEMENTS--GENERAL INFORMATION
fixed length control field 050419s1989 ||||||||||||||000|0|rus d
020 ## - INTERNATIONAL STANDARD BOOK NUMBER
International Standard Book Number 5020289388
040 ## - CATALOGING SOURCE
Original cataloging agency AM-YeHGA
041 0# - LANGUAGE CODE
Language code of text/sound track or separate title rus
090 ## - LOCALLY ASSIGNED LC-TYPE CALL NUMBER (OCLC); LOCAL CALL NUMBER (RLIN)
-- 162257
100 1# - MAIN ENTRY--PERSONAL NAME
Personal name Хмелев, Владимир Алексеевич
245 10 - TITLE STATEMENT
Title Лёссовые черноземы Западной Сибири /
Statement of responsibility, etc. В.А. Хмелев; Отв. ред.: В.М. Курачев; АН СССР, Сиб. отд-ние, Ин-т почвоведения и агрохимии.
260 ## - PUBLICATION, DISTRIBUTION, ETC.
Place of publication, distribution, etc. Новосибирск :
Name of publisher, distributor, etc. Наука. Сиб. отд-ние,
Date of publication, distribution, etc. 1989.
300 ## - PHYSICAL DESCRIPTION
Extent 201 с. :
Other physical details ил., карт.
504 ## - BIBLIOGRAPHY, ETC. NOTE
Bibliography, etc. note Библиогр.: с. 183-200
653 0# - INDEX TERM--UNCONTROLLED
Uncontrolled term Черноземы - Западная Сибирь
653 0# - INDEX TERM--UNCONTROLLED
Uncontrolled term Почвы черноземные - Западная Сибирь
700 1# - ADDED ENTRY--PERSONAL NAME
Personal name Курачев, В.М.
Relator term ред.
Relationship edt
710 2# - ADDED ENTRY--CORPORATE NAME
Corporate name or jurisdiction name as entry element Институт почвоведения и агрохимии СО АН СССР
710 2# - ADDED ENTRY--CORPORATE NAME
Corporate name or jurisdiction name as entry element Академия наук СССР
Subordinate unit Сибирское отделение
Holdings
Withdrawn status Lost status Damaged status Not for loan Collection Home library Current library Date acquired Total checkouts Full call number Barcode Date last seen Price effective from Koha item type Public note
        General Fundamental Scientific Library Fundamental Scientific Library 28/12/2016   631.445.4(571.1) 120616727 28/12/2016 28/12/2016 Գրքեր / Books 30 Days Loan
        General Fundamental Scientific Library Fundamental Scientific Library 28/12/2016   Р2/602064 120602064 28/12/2016 28/12/2016 Գրքեր / Books 30 Days Loan


ՀՀ ԳԱԱ հիմնարար գիտական գրադարան
ՀՀ,Երևան 0019
Մարշալ Բաղրամյան 24/6
հեռախոս:(374-10) 52-47-50
Հետադարձ կապ

All site content, except where otherwise noted, is licensed under a
Creative Commons License